000 00937nam2a22002411 4500
001 RU\NLR\INFOCOMM16\ROSSICA\1000478159
005 20250613191129.0
035 _a(NLR Aleph) 009926946
090 _a10696768
_c10696768
100 _a20030930d1924 |||y0rusy50 ca
101 0 _afre
102 _aRU
105 _ay ||||000ay
200 0 _aTome II
210 _d1924
_aБ. м.
461 0 _1001RU\NLR\INFOCOMM16\ROSSICA\1000478157
_12001#$aMémoires du roi Stanislas-Augusta$fStanislas-Auguste$vTome II
_1700#1$9z01790$aPoniatowski$bS.A.$gStanisław August$cкороль польский$f1732-1798$4070
_910696761
_aPoniatowski, S.A. (король польский ; 1732-1798)
_cSt.Pétersbourg
_d1914-1924
_fStanislas-Auguste
_tMémoires du roi Stanislas-Augusta
_vTome II
801 1 _aRU
_bInfoComm
_c20030930
801 0 _aRU
_bNLR
_gPSBO
852 _aNLR
_j30.2.7.2²
942 _cBOOK
980 _aNB
980 _aRossica